000 00542nam a2200193 i 4500
001 30647
003 ES-MaACL
005 20230906154230.0
007 t|
008 030127s1871 po ||||1| por d
080 _a663.25
100 1 _aBatalha Reis, Antonio.
_926397
245 1 0 _aEnxofre e vinho /
_cpor Antonio Batalha Reis.
260 _aLisboa :
_b[s.n.],
_c1871 (
_fTyp. de Castro Irmao)
300 _a62 p. :
_bil. ;
_c21 cm.
650 4 _aVinificación.
_9156738
852 4 _aES-MaACL
_jT-148-F-8
852 4 _aES-MaACL
_jT-679-F-11
999 _c30647
_d30647